Dimitri Roudine (Registro nro. 166570)

Detalles MARC
000 -LEADER
campo de control de longitud fija 00904nam a22002295i 4500
001 - NÚMERO DE CONTROL
campo de control 166570
003 - IDENTIFICADOR DE NÚMERO DE CONTROL
campo de control ES-MaACL
005 - FECHA Y HORA DE LA ÚLTIMA TRANSACCIÓN
campo de control 20240524063010.0
008 - DATOS DE LONGITUD FIJA--INFORMACIÓN GENERAL
campo de control de longitud fija 050919s1862 fr | |||||||| ||fre d
040 ## - FUENTE DE CATALOGACIÓN
Centro catalogador/agencia de origen CAM
Lengua de catalogación spa
Centro/agencia transcriptor CAM
100 1# - ENTRADA PRINCIPAL--NOMBRE DE PERSONA
Nombre de persona Turguenev, Ivan Sergueevich,
Fechas asociadas al nombre 1818-1883
9 (RLIN) 133416
245 10 - MENCIÓN DEL TÍTULO
Título Dimitri Roudine
Resto del título : ; suivi du Journal d'un homme de trop et de Trois rencontres /
Mención de responsabilidad, etc. Ivan Tourguenef.
250 ## - MENCION DE EDICION
Mención de edición 5e éd.
260 ## - PUBLICACIÓN, DISTRIBUCIÓN, ETC.
Lugar de publicación, distribución, etc. Paris :
Nombre del editor, distribuidor, etc. J. Hetzel et C., éditeurs,
Fecha de publicación, distribución, etc. [s.a.] (
Fabricante Imprimerie E. Capiomont et C.)
300 ## - DESCRIPCIÓN FÍSICA
Extensión 341, [2] p. ;
Dimensiones 19 cm.
596 ## - NOTA AL PIE DE IMPRENTA
NOTA AL PIE DE IMPRENTA La BN-Opale plus lo fecha en 1862.
700 1# - ENTRADA AGREGADA--NOMBRE PERSONAL
Nombre de persona Turguenev, Ivan Sergueevich,
Fechas asociadas al nombre 1818-1883
9 (RLIN) 133416
700 1# - ENTRADA AGREGADA--NOMBRE PERSONAL
Nombre de persona Turguenev, Ivan Sergueevich,
Fechas asociadas al nombre 1818-1883
9 (RLIN) 133416
710 1# - ENTRADA AGREGADA--NOMBRE DE ENTIDAD CORPORATIVA
Nombre de entidad corporativa o nombre de jurisdicción como elemento de entrada Hetzel, J. et C.,
Término indicativo de función/relación
9 (RLIN) 233432
852 ## - LOCALIZACIÓN
Ubicación ES-MaACL
Número de control de estantería F-9723
Nota libre -- Enc. hol., conservando la cub. original
Existencias
Estatus retirado Estado de pérdida Estado de daño No para préstamo Biblioteca de origen Biblioteca actual Ubicación en estantería Fecha de adquisición Fuente de adquisición Total de préstamos Signatura topográfica completa Código de barras Visto por última vez Precio de reemplazo Tipo de ítem Koha
        Biblioteca del Ateneo de Madrid Biblioteca del Ateneo de Madrid Sala Pecera Planta 2 17/01/2008     F-9723 1174701 23/02/2023 23/02/2023 Libro impreso